00289nam a2200121Ia 4500008004100000082001600041100001600057245002100073250001200094260003600106300000900142650001600151191201s2005 xx 000 0 und d a621.31bMIN aMITHAL, G K 0aNetwork Analysis a5th Rep aN.DelhibKhanna Publisherc2005 a1072 aB.Tech(ECE)